000 00622cam a22002054a 4500
005 20250605164033.0
008 250528s ||||||||||||||||||||||||d
035 _a16729
020 _a265551101
040 _aGR-AtMCL
_bgre
_dGR-AtMCL
_eAACR2
245 1 _aM300-30 : Installation and Operations Guide / Olivetti
250 _a2nd
260 _c1992
300 _a78
520 _aIntroduction, Installing the Computer, Starting Up the Computer, Using the Computer, Configuring the Computer, Troubleshooting, Adding Options, Index.
700 1 _aOlivetti
_92821
942 _cBK
999 _c2200
_d2200